Greek Mythology - Statistics

General Stats
  • This quiz has been taken 160 times
  • The average score is 12 of 15
Answer Stats
Hint Answer % Correct
King Of The Gods Zeus
100%
God Of War Ares
98%
Queen Of The Gods Hera
92%
Zeus's Father Cronus
91%
One-Eyed Monsters Cyclops
91%
Goddess Of The Hunt Artemis
89%
God Of Wine Dionysus
88%
Has The Golden Touch Midas
85%
Greek Hero Of The Trojan War Achilles
82%
Finds The Golden Fleece Jason
81%
Zeus's Mother Rhea
71%
Trojan Hero Of The Trojan War Hector
69%
Goddess Of The Moon Selene
67%
Only Greek God With A Planet Named After Him Uranus
59%
Wife Of The Above Gaea
33%
No matching quizzes found
Score Distribution
Percent of People with Each Score
Percentile by Number Answered
Your Score History
You have not taken this quiz